000 00798nam a2200241 i 4500
001 5750
003 ES-MaACL
005 20230906144700.0
007 t|
008 890518s1987 sp ||||1| spa d
020 _a84-249-1097-4
080 _a4.01
100 1 _aHagege, Claude.
_961443
245 1 3 _aLa Estructura de las lenguas /
_cClaude Hagege ; version española de Celestino Valladares.
260 _aMadrid :
_bGredos,
_cD.L. 1987.
300 _a167 p. ;
_c20 cm.
490 1 _aBiblioteca románica hispánica. III. Manuales ;
_v67
650 4 _aLenguas-
_xClasificación.
_914354
700 1 _aValladares, Celestino.
_9112724
830 0 _aBiblioteca románica hispánica. III. Manuales ;
_v67
_9177701
852 _aES-MaACL
_jL-12745
_bR.115664
_z. - rust.
999 _c5750
_d5750